Southville International School and Colleges
Your cart is empty.
  • Cart
  • Lists
    Public lists Eva Luna New books Lux_list list_1
    Your lists Log in to create your own lists
  • Log in to your account
  • Your cookies
  • Search history
Southville International School and Colleges
  • Advanced search
  • Recent comments
  • Most popular
  • Libraries

Log in to your account

Log in with GOOGLE


If you do not have an external account, but do have a local account, you can still log in:

  1. Home
  2. MARC view: Agent Arthur's island treasure /
Normal view MARC view ISBD view

Agent Arthur's island treasure / (Record no. 110328)

[ view plain ]
MARC details
000 -LEADER
fixed length control field 00595nam a2200205 a 4500
001 - CONTROL NUMBER
control field 0198
005 - DATE AND TIME OF LATEST TRANSACTION
control field 20140414131854.0
008 - FIXED-LENGTH DATA ELEMENTS--GENERAL INFORMATION
fixed length control field 040819s19uu xx 00 eng d
020 ## - INTERNATIONAL STANDARD BOOK NUMBER
International Standard Book Number 0-7460-2093-7
050 ## - LIBRARY OF CONGRESS CALL NUMBER
Classification number M 741.5
Item number Si4 1998
100 ## - MAIN ENTRY--PERSONAL NAME
Personal name Sims, Lesley
245 ## - TITLE STATEMENT
Title Agent Arthur's island treasure /
Statement of responsibility, etc Lesley Sims ; illustrated by Paddy Mounter.
260 ## - PUBLICATION, DISTRIBUTION, ETC. (IMPRINT)
Place of publication, distribution, etc England :
Name of publisher, distributor, etc Usborne,
Date of publication, distribution, etc 1998.
300 ## - PHYSICAL DESCRIPTION
Extent 48 p. : ill. ; cm.
440 ## - SERIES STATEMENT/ADDED ENTRY--TITLE
Title Usborne 24 Puzzle Adventures
650 ## - SUBJECT ADDED ENTRY--TOPICAL TERM
Topical term or geographic name as entry element Cartoon, caricatures, comics.
650 ## - SUBJECT ADDED ENTRY--TOPICAL TERM
Topical term or geographic name as entry element Adventures
General subdivision Fiction.
Holdings
Withdrawn status Lost status Damaged status Use restrictions Home library Current library Shelving location Date acquired Source of acquisition Total Checkouts Full call number Barcode Date last seen Price effective from Koha item type
        Munich Library Munich Library Main Section 08/19/2004     M 741.5 Si4 1998 M0712 04/14/2014 04/14/2014 Books
        Munich Library Munich Library Main Section 08/19/2004     M 741.5 Si4 1998 M0711 04/14/2014 04/14/2014 Books

Agent Arthur's island treasure /

APA

Sims L., . (1998). Agent Arthur's island treasure. England: Usborne.

Chicago

Sims Lesley, . 1998. Agent Arthur's island treasure. England: Usborne.

Harvard

Sims L., . (1998). Agent Arthur's island treasure. England: Usborne.

MLA

Sims Lesley, . Agent Arthur's island treasure. England: Usborne. 1998.

  • Place hold
  • Print
  • Cite
  • Add to your cart (remove)
  • Save record
    BIBTEX Dublin Core MARCXML MARC (non-Unicode/MARC-8) MARC (Unicode/UTF-8) MARC (Unicode/UTF-8, Standard) MODS (XML) RIS
  • More searches
    Search for this title in:
    Other Libraries (WorldCat) Other Databases (Google Scholar) Online Stores (Bookfinder.com) Open Library (openlibrary.org)

Exporting to Dublin Core...

SOUTHVILLE LIBRARY

Southville International School and Colleges Library

1281 Tropical Ave. Cor. Luxembourg St., BF Homes International, Las Pinas City

Tel. No. 8256374 / 252358 Loc. 117/146

Powered by Koha